Collectanea.
Corporate Author:
Format: Book
Language:
English
Arabic
Published:
Leiden, Holland :
Published for the Ismaili Society by E. J. Brill,
[1948]-
Series:
The Ismaili Society : Series A ;
no.2.
Subjects:
Tags: Add Tag
Call Number: BP195 .I8 I7 v.2
| LEADER | 00737nam a2200253Ia 4500 | ||
|---|---|---|---|
| 001 | 11086 | ||
| 003 | OSt | ||
| 005 | 20251005105457.0 | ||
| 008 | 130303m19489999ne a b 001 0 eng d | ||
| 040 | |c ARCE Library | ||
| 041 | 0 | |a eng |a ara | |
| 050 | 4 | |a BP195 .I8 I7 v.2 | |
| 245 | 0 | 0 | |a Collectanea. |
| 264 | 1 | |a Leiden, Holland : |b Published for the Ismaili Society by E. J. Brill, |c [1948]- | |
| 300 | |a volumes : |b illustrations ; |c 23 cm. | ||
| 490 | 0 | |a The Ismaili Society : Series A ; |v no.2. | |
| 504 | |a Includes bibliographical references and indexes. | ||
| 505 | 2 | |a volume 1. 1948. | |
| 546 | |a English and Arabic. | ||
| 650 | 0 | |a Ismailites. | |
| 710 | 2 | |a Ismaili Society. | |
| 901 | |a reviewed | ||
| 942 | |c BK |2 lcc | ||
| 999 | |c 12577 |d 12577 | ||
